UBT Library

Asking the right questions : (Record no. 43033)

000 -LEADER
fixed length control field 00863cam a2200253 a 4500
001 - CONTROL NUMBER
control field 12083887
005 - DATE AND TIME OF LATEST TRANSACTION
control field 20180221051037.0
008 - FIXED-LENGTH DATA ELEMENTS--GENERAL INFORMATION
fixed length control field 000628s2001 cau b 001 0 eng
010 ## - LIBRARY OF CONGRESS CONTROL NUMBER
LC control number 00010235
020 ## - INTERNATIONAL STANDARD BOOK NUMBER
International Standard Book Number 0761976752 (cloth : alk. paper)
020 ## - INTERNATIONAL STANDARD BOOK NUMBER
International Standard Book Number 0761976760 (pbk. : alk. paper)
040 ## - CATALOGING SOURCE
Original cataloging agency DLC
Transcribing agency DLC
Modifying agency DLC
041 ## - LANGUAGE CODE
Language code of text/sound track or separate title eng
043 ## - GEOGRAPHIC AREA CODE
Geographic area code n-us---
080 ## - UNIVERSAL DECIMAL CLASSIFICATION NUMBER
Universal Decimal Classification number 371.395 EDI
082 00 - DEWEY DECIMAL CLASSIFICATION NUMBER
Classification number 371.395 EDI
Edition number 21
100 1# - Rafti
Rafti 48
101 ## - Shkurtesa
Shkurtesa EDU
245 10 - TITLE STATEMENT
Title Asking the right questions :
Statement of responsibility, etc Edie L. Holcomb.
504 ## - BIBLIOGRAPHY, ETC. NOTE
Bibliography, etc Includes bibliographical references (p. 149-152) and index.
906 ## - LOCAL DATA ELEMENT F, LDF (RLIN)
a 7
b cbc
c orignew
d 1
e ecip
f 20
g y-gencatlg
942 ## - ADDED ENTRY ELEMENTS (KOHA)
Source of classification or shelving scheme
Item type Books

No items available.

UBT Library © 2015-2024. All rights reserved University Education for Business and Technology